[Event "32.Schlosspark-Open"]
[Site "Wiesbaden-Biebrich"]
[Date "2023.08.24"]
[Round "1.28"]
[White "Brauch, Manfred"]
[Black "Grzeca, Pascal"]
[Result "0-1"]
[WhiteElo "1750"]
[BlackElo "2075"]
[PlyCount "54"]
[EventDate "2023.??.??"]
[WhiteTeam "SG Pieroth/Burg Layen"]
[BlackTeam "SV 1921 Springer Siershahn e.V."]

1. f4 d5 2. Nf3 Nf6 3. g3 e6 4. Bg2 b5 5. c3 Bb7 6. d3 Nbd7 7. O-O Bc5+ 8. e3 O-O 9. Qe2 Bb6 10. Nbd2 a6 11. Ne5 Nxe5 12. fxe5 Nd7 13. d4 f6 14. exf6 Rxf6 15. Nf3 Qe7 16. Bd2 Raf8 17. Nh4 g6 18. e4 Rxf1+ 19. Rxf1 Rxf1+ 20. Kxf1 Qf7+ 21. Kg1 e5 22. Be3 dxe4 23. Bh3 exd4 24. cxd4 Nf6 25. Qf2 Nd5 26. Qd2 Nxe3 27. Qxe3 Qf6 0-1

[Event "32.Schlosspark-Open"]
[Site "Wiesbaden-Biebrich"]
[Date "2023.08.24"]
[Round "1.29"]
[White "Puschendorf, Steffen"]
[Black "Michalski, Uwe"]
[Result "1/2-1/2"]
[WhiteElo "2121"]
[BlackElo "1667"]
[PlyCount "99"]
[EventDate "2023.??.??"]
[WhiteTeam "ESV Gera"]
[BlackTeam "Sfr.Mainz 1928"]

1. d4 Nf6 2. c4 g6 3. f3 Bg7 4. e4 d6 5. Ne2 O-O 6. Be3 c5 7. d5 Nbd7 8. Nec3 Ne8 9. Be2 f5 10. exf5 Rxf5 11. O-O Rf8 12. Nd2 Nef6 13. f4 Nb6 14. a4 a5 15. Ra3 Bf5 16. g4 Bd7 17. g5 Nfxd5 18. cxd5 Bxc3 19. bxc3 Nxd5 20. Bc4 Be6 21. Qf3 Rf5 22. Ba2 Qd7 23. Qe4 Raf8 24. Rf2 Kg7 25. Nf1 Nc7 26. Ng3 R5f7 27. Qxb7 c4 28. Qa7 Qc6 29. Bb1 Bh3 30. Be4 d5 31. Qd4+ Kg8 32. Bg2 Bxg2 33. Rxg2 Ne6 34. Qe5 Nxf4 35. Bd4 Nh3+ 36. Kh1 Rf1+ 37. Rg1 Rxg1+ 38. Bxg1 Nxg1 39. Ra1 Nf3 40. Qxe7 d4 41. Qe4 Qxe4 42. Nxe4 dxc3 43. Rc1 Rf4 44. Nf6+ Kg7 45. Rxc3 Nxg5 46. Ne8+ Kh6 47. Nd6 Ne6 48. Nxc4 Nc5 49. Nxa5 Nxa4 50. Rc2 1/2-1/2

[Event "32.Schlosspark-Open"]
[Site "Wiesbaden-Biebrich"]
[Date "2023.08.24"]
[Round "1.30"]
[White "Dohmes, Swidbert"]
[Black "Dietze, Frank"]
[Result "1/2-1/2"]
[WhiteElo "1733"]
[BlackElo "2115"]
[PlyCount "94"]
[EventDate "2023.??.??"]
[WhiteTeam "SV 1920 Hofheim"]
[BlackTeam "Wiesbaden"]

1. e4 c5 2. Nf3 d6 3. c4 Nf6 4. Nc3 g6 5. d4 cxd4 6. Nxd4 Bg7 7. Be2 O-O 8. O-O Nc6 9. Be3 Bd7 10. Rc1 Qa5 11. Nb3 Qd8 12. h3 b6 13. Qd2 Re8 14. Rfd1 Qb8 15. Nd4 Qb7 16. Nf3 Rac8 17. b3 Red8 18. Bd3 Be8 19. Bb1 Nd7 20. Bg5 Nde5 21. Nxe5 dxe5 22. Qe1 h6 23. Be3 Nd4 24. f4 exf4 25. Bxf4 Bc6 26. Qg3 Rd7 27. Be5 Rcd8 28. Bd3 Bxe5 29. Qxe5 Nxb3 30. axb3 Rxd3 31. Nd5 Rxd1+ 32. Rxd1 Rd7 33. Nxe7+ Rxe7 34. Rd8+ Be8 35. Rxe8+ Rxe8 36. Qxe8+ Kg7 37. Qe5+ f6 38. Qd4 Qc7 39. b4 h5 40. c5 g5 41. Qd5 bxc5 42. bxc5 h4 43. c6 Kf8 44. Qe6 Qb6+ 45. Kf1 Qb1+ 46. Kf2 Qc2+ 47. Kg1 Qc1+ 1/2-1/2

[Event "32.Schlosspark-Open"]
[Site "Wiesbaden-Biebrich"]
[Date "2023.08.24"]
[Round "1.31"]
[White "Montalbano, Federico"]
[Black "Schmid, Leon"]
[Result "1-0"]
[WhiteElo "2115"]
[BlackElo "1623"]
[PlyCount "65"]
[EventDate "2023.??.??"]
[WhiteTeam "Wiesbadener SV 1885"]
[BlackTeam "Sfr.Heidesheim"]

1. c4 Nf6 2. Nc3 g6 3. e4 e5 4. Be2 Bg7 5. h4 h6 6. d3 Nc6 7. Be3 d6 8. Nd5 Nd7 9. h5 g5 10. Bg4 a5 11. Ne2 Nc5 12. Bxc8 Qxc8 13. Ng3 Nd4 14. Bxd4 exd4 15. Nf5 Be5 16. g3 Qd8 17. f4 c6 18. fxe5 cxd5 19. Nxd6+ Kf8 20. O-O Rh7 21. exd5 Ra6 22. Qg4 Rxd6 23. exd6 Qxd6 24. Rf3 Nd7 25. Qe4 Ne5 26. Rf5 f6 27. Raf1 Rf7 28. Kg2 Kg7 29. Qxe5 Qxe5 30. Rxe5 fxe5 31. Rxf7+ Kxf7 32. Kf3 Ke7 33. c5 1-0

[Event "32.Schlosspark-Open"]
[Site "Wiesbaden-Biebrich"]
[Date "2023.08.24"]
[Round "1.32"]
[White "Potgieter, Edward"]
[Black "Chandler, Patrick"]
[Result "1/2-1/2"]
[WhiteElo "1719"]
[BlackElo "2110"]
[PlyCount "73"]
[EventDate "2023.??.??"]
[WhiteTeam "JNW Chess Club"]
[BlackTeam "SV Oberursel"]

1. e4 Nf6 2. e5 Nd5 3. d4 d6 4. c4 Nb6 5. exd6 cxd6 6. Nc3 Bf5 7. Nf3 e6 8. Be3 N8d7 9. Rc1 Be7 10. Be2 O-O 11. O-O Nc8 12. Qd2 b6 13. Rfd1 Nf6 14. b4 Ne4 15. Nxe4 Bxe4 16. Ne1 Bf6 17. Bd3 Bxd3 18. Nxd3 Ne7 19. b5 a6 20. a4 Qd7 21. Nb4 axb5 22. axb5 d5 23. cxd5 Qxb5 24. dxe6 fxe6 25. d5 Rad8 26. d6 Nf5 27. d7 Ne7 28. Qd6 Kh8 29. Bxb6 Rxd7 30. Qxd7 Qxb6 31. Qd6 Qb5 32. Nc6 Ng6 33. Nd4 Qh5 34. Nf3 h6 35. Rc4 Rd8 36. Qxd8+ Bxd8 37. Rxd8+ 1/2-1/2

[Event "32.Schlosspark-Open"]
[Site "Wiesbaden-Biebrich"]
[Date "2023.08.24"]
[Round "1.33"]
[White "Reschke, Thomas"]
[Black "Tiggemann, Felix"]
[Result "1-0"]
[WhiteElo "2103"]
[BlackElo "1606"]
[PlyCount "51"]
[EventDate "2023.??.??"]
[WhiteTeam "SC Frankfurt-West"]
[BlackTeam "SF Schöneck"]

1. c4 Nf6 2. g3 d6 3. Bg2 e5 4. Nc3 Be7 5. e4 Nc6 6. Nge2 Nh5 7. d4 exd4 8. Nxd4 Nxd4 9. Qxd4 Bf6 10. Qd1 Bxc3+ 11. bxc3 Nf6 12. c5 dxc5 13. Qxd8+ Kxd8 14. Be3 Nd7 15. O-O-O Ke7 16. e5 Re8 17. Rhe1 Kf8 18. Bxb7 Bxb7 19. Rxd7 Rec8 20. Bxc5+ Kg8 21. e6 fxe6 22. Bd4 Bd5 23. Rxg7+ Kf8 24. Rxh7 c5 25. Be5 Bxa2 26. Re4 1-0

[Event "32.Schlosspark-Open"]
[Site "Wiesbaden-Biebrich"]
[Date "2023.08.24"]
[Round "1.34"]
[White "Stephanblome, Felix"]
[Black "Barbanera, Fabrizio"]
[Result "0-1"]
[WhiteElo "1718"]
[BlackElo "2101"]
[PlyCount "60"]
[EventDate "2023.??.??"]
[WhiteTeam "SV 1934 Ffm-Griesheim"]
[BlackTeam "SC Neumühl"]

1. e4 e6 2. d4 d5 3. Nd2 Nc6 4. c3 e5 5. dxe5 dxe4 6. Nxe4 Qxd1+ 7. Kxd1 Bf5 8. Ng3 O-O-O+ 9. Bd2 Bg4+ 10. f3 Be6 11. f4 Bc5 12. Kc2 Nge7 13. b4 Bb6 14. Nf3 Nd5 15. f5 Bd7 16. Bc4 Nce7 17. Ng5 Be8 18. N5e4 Nc6 19. Bg5 Nxe5 20. Bxd8 Nxc4 21. Bg5 Ba4+ 22. Kc1 f6 23. Nd2 Nd6 24. a3 fxg5 25. c4 Bd4 26. Ra2 Nf4 27. Nf3 Bf6 28. c5 Nb5 29. Ne4 Nc3 30. Rd2 Nxe4 0-1

[Event "32.Schlosspark-Open"]
[Site "Wiesbaden-Biebrich"]
[Date "2023.08.24"]
[Round "1.35"]
[White "Leidorf, Sebastian"]
[Black "Faßler, Felix"]
[Result "1-0"]
[WhiteElo "2053"]
[BlackElo "1596"]
[PlyCount "47"]
[EventDate "2023.??.??"]
[WhiteTeam "SV Bergwinkel"]
[BlackTeam "SC Fulda"]

1. c4 e6 2. g3 d5 3. Bg2 Nf6 4. Nf3 Be7 5. O-O O-O 6. b3 b6 7. Bb2 Bb7 8. e3 Nbd7 9. Nc3 Ne4 10. cxd5 exd5 11. Qc2 Re8 12. Rac1 Bf8 13. d3 Nec5 14. Rfd1 Nf6 15. Nb5 Rc8 16. Bxf6 gxf6 17. Nxa7 Ra8 18. Nb5 Qd7 19. a4 Ne6 20. d4 Rac8 21. Qf5 Be7 22. Nh4 Kh8 23. Bf1 Ng5 24. Qxd7 1-0

[Event "32.Schlosspark-Open"]
[Site "Wiesbaden-Biebrich"]
[Date "2023.08.24"]
[Round "1.36"]
[White "Richter, Johanna"]
[Black "Töpfer, Albrecht"]
[Result "0-1"]
[WhiteElo "1546"]
[BlackElo "2065"]
[PlyCount "157"]
[EventDate "2023.??.??"]
[WhiteTeam "Sfr.Heidesheim"]
[BlackTeam "SC Fulda"]

1. d4 d6 2. c4 Nf6 3. Nc3 Nbd7 4. Bg5 h6 5. Bh4 e5 6. e3 Be7 7. Bd3 c6 8. Qc2 a6 9. Nge2 b5 10. a3 Bb7 11. O-O O-O 12. Rac1 Re8 13. f3 Rc8 14. Bf2 Nb6 15. cxb5 cxb5 16. dxe5 dxe5 17. Bf5 Rc6 18. Rfd1 Qc7 19. Qb1 Bc8 20. Bxc8 Rxc8 21. e4 Bc5 22. Bxc5 Rxc5 23. b3 Nh5 24. g3 Nf6 25. Kg2 Rd8 26. Nxb5 Rxc1 27. Qxc1 Qe7 28. Rxd8+ Qxd8 29. Nbc3 Qe7 30. b4 Qe6 31. Qb1 Nc4 32. a4 Qb6 33. b5 Qe3 34. Qg1 Qd3 35. bxa6 Nd2 36. Qf2 Qxa6 37. Qe3 Nb3 38. Nc1 Nd4 39. N1e2 Qc4 40. Kf2 Nd7 41. a5 Nc5 42. Qd2 Ncb3 43. Qa2 Nxe2 44. Nxe2 Qc5+ 45. Kg2 Nxa5 46. Qd5 Qxd5 47. exd5 Kf8 48. f4 Nc4 49. fxe5 Nxe5 50. h4 Ke7 51. Kf2 Kd6 52. Nc3 Nc4 53. Ke2 Ke5 54. Kd3 Nd6 55. Ke3 Nf5+ 56. Kf3 Kd4 57. Nb5+ Kxd5 58. Kf4 Ne7 59. Nc3+ Ke6 60. h5 Nd5+ 61. Nxd5 Kxd5 62. Kf5 Kd4 63. g4 Ke3 64. g5 hxg5 65. Kxg5 Ke4 66. Kg4 f6 67. Kg3 Kf5 68. Kf3 Kg5 69. Kg3 Kxh5 70. Kh3 g5 71. Kg3 f5 72. Kh3 f4 73. Kg2 g4 74. Kh2 Kg5 75. Kg2 Kh4 76. Kh2 f3 77. Kg1 Kg3 78. Kh1 Kf2 79. Kh2 0-1

[Event "32.Schlosspark-Open"]
[Site "Wiesbaden-Biebrich"]
[Date "2023.08.24"]
[Round "1.37"]
[White "Baranyai-Molnar, Adam-Kristof"]
[Black "Donecker, Stefan"]
[Result "1-0"]
[WhiteElo "1876"]
[BlackElo "1695"]
[PlyCount "59"]
[EventDate "2023.??.??"]
[WhiteTeam "SF Neuberg"]
[BlackTeam "SAbt TuS Dotzheim"]

1. e4 c5 2. Nf3 e6 3. d4 cxd4 4. Nxd4 Nf6 5. Nc3 Nc6 6. Nxc6 bxc6 7. e5 Nd5 8. Nxd5 exd5 9. Bd3 g6 10. h4 Bg7 11. h5 Bxe5 12. Bh6 d6 13. Qe2 Be6 14. c3 Qa5 15. Kf1 O-O-O 16. a4 Qc7 17. Rh4 c5 18. Ba6+ Kb8 19. a5 Bc8 20. Bb5 Bd7 21. a6 Bxb5 22. Qxb5+ Qb6 23. Qd3 d4 24. b4 c4 25. Qf3 f5 26. Qd5 Bf6 27. Ra5 Bxh4 28. Rb5 Rd7 29. Rxb6+ axb6 30. Qxd4 1-0

[Event "32.Schlosspark-Open"]
[Site "Wiesbaden-Biebrich"]
[Date "2023.08.24"]
[Round "1.38"]
[White "Mrsic, Ivan"]
[Black "Mayer, Frank"]
[Result "1/2-1/2"]
[WhiteElo "1692"]
[BlackElo "2067"]
[PlyCount "57"]
[EventDate "2023.??.??"]
[WhiteTeam "Mainz-Kastel"]
[BlackTeam "Wiesbadener SV 1885"]

1. e4 e5 2. Nf3 Nc6 3. Bc4 Bc5 4. O-O Nf6 5. d3 d6 6. h3 a6 7. Bg5 h6 8. Bh4 g5 9. Bg3 Be6 10. Nbd2 Qd7 11. Bxe6 Qxe6 12. Nb3 Nh5 13. Nxc5 dxc5 14. Bxe5 Nxe5 15. Nxe5 Nf4 16. Nc4 h5 17. Ne3 O-O-O 18. Nd5 Nxd5 19. exd5 Rxd5 20. Re1 Qf6 21. Qf3 Rf5 22. Qe3 g4 23. Re2 Kb8 24. Rae1 gxh3 25. Qxh3 h4 26. Re8+ Rxe8 27. Rxe8+ Ka7 28. Re2 b6 29. a4 1/2-1/2

[Event "32.Schlosspark-Open"]
[Site "Wiesbaden-Biebrich"]
[Date "2023.08.24"]
[Round "1.39"]
[White "Stork, Christopher"]
[Black "Gärtner, Johannes"]
[Result "1-0"]
[WhiteElo "2065"]
[BlackElo "1532"]
[PlyCount "65"]
[EventDate "2023.??.??"]
[WhiteTeam "SV Oberursel"]
[BlackTeam "Sfr.Mainz 1928"]

1. d4 Nf6 2. Nf3 d5 3. c4 e6 4. g3 c5 5. cxd5 exd5 6. Bg2 Nc6 7. O-O Be7 8. dxc5 Bxc5 9. a3 a5 10. Qc2 Ne4 11. Nc3 Nxf2 12. Rxf2 Bxf2+ 13. Kxf2 O-O 14. Bf4 Re8 15. Rd1 Be6 16. Kf1 Rc8 17. Qd2 Qb6 18. Be3 Qb3 19. Nd4 Nxd4 20. Bxd4 b5 21. Bxd5 Bxd5 22. Qg5 g6 23. Qf6 Kf8 24. Qg7+ Ke7 25. Nxd5+ Kd6 26. Rd3 Qxd5 27. Bc3 Qxd3 28. exd3 h5 29. Bxa5 Rc1+ 30. Kf2 Rc2+ 31. Kf3 Rce2 32. Bb4+ Kc6 33. Qc3+ 1-0

[Event "32.Schlosspark-Open"]
[Site "Wiesbaden-Biebrich"]
[Date "2023.08.24"]
[Round "1.40"]
[White "Metzner, Luis"]
[Black "Ensslinger, Colin"]
[Result "0-1"]
[WhiteElo "1679"]
[BlackElo "2043"]
[PlyCount "98"]
[EventDate "2023.??.??"]
[WhiteTeam "SV Lahn Limburg"]
[BlackTeam "SF Schwaigern"]

1. d4 Nf6 2. c4 e6 3. Nc3 Bb4 4. Qc2 d5 5. a3 Bxc3+ 6. Qxc3 Ne4 7. Qc2 O-O 8. Bf4 c6 9. e3 Nd7 10. Bd3 f5 11. Nf3 b6 12. O-O Ba6 13. Nd2 Nxd2 14. Qxd2 dxc4 15. Be2 Nf6 16. Rfc1 Qd5 17. Be5 b5 18. Bxf6 Rxf6 19. Bf3 Qd6 20. b3 Rc8 21. bxc4 bxc4 22. Qc3 c5 23. Rd1 Rb8 24. d5 Rb3 25. Qc2 Rd3 26. dxe6 Rxe6 27. Be2 Qe5 28. Qa2 Kf8 29. Rac1 Rxd1+ 30. Rxd1 Qc3 31. Qb1 Qe5 32. Bf3 Rb6 33. Rd8+ Ke7 34. Qd1 Rd6 35. Qxd6+ Qxd6 36. Rxd6 Kxd6 37. Kf1 c3+ 38. Ke1 Bd3 39. Kd1 c4 40. Kc1 Kc5 41. Bd1 Kb5 42. f3 a5 43. Bc2 g6 44. e4 fxe4 45. fxe4 Kc5 46. Bd1 Bxe4 47. Bf3 Bxf3 48. gxf3 Kd4 49. h3 h5 0-1

[Event "32.Schlosspark-Open"]
[Site "Wiesbaden-Biebrich"]
[Date "2023.08.24"]
[Round "1.41"]
[White "Memic, Miodrag"]
[Black "Alt, Johannes"]
[Result "1-0"]
[WhiteElo "2055"]
[BlackElo "1522"]
[PlyCount "79"]
[EventDate "2023.??.??"]
[WhiteTeam "SV Mainz-Mombach"]
[BlackTeam "Sfr.Heidesheim"]

1. e4 e6 2. d4 d5 3. Bd3 c5 4. c3 Nc6 5. Ne2 Nf6 6. e5 Nd7 7. O-O Be7 8. Be3 c4 9. Bc2 b5 10. f4 Nb6 11. Nd2 b4 12. Nf3 a5 13. Ng3 g6 14. Ne2 a4 15. cxb4 Nxb4 16. Bd2 Nxc2 17. Qxc2 Bd7 18. a3 Nc8 19. g4 Na7 20. Ng3 Nc6 21. Kg2 Qb6 22. Bc3 Qb3 23. Qb1 O-O-O 24. f5 gxf5 25. gxf5 Rdg8 26. f6 Bd8 27. Qe1 Bb6 28. Rd1 Rg6 29. Qd2 Rhg8 30. Rg1 Kc7 31. Kh1 Ra8 32. Ne2 Ba5 33. Bxa5+ Rxa5 34. Nc3 Be8 35. Nh4 Rxg1+ 36. Rxg1 Ra8 37. Nf3 Rb8 38. Rg2 Na7 39. Qc1 Nb5 40. Nd2 1-0

[Event "32.Schlosspark-Open"]
[Site "Wiesbaden-Biebrich"]
[Date "2023.08.24"]
[Round "1.42"]
[White "Drewes, Thomas"]
[Black "Eull, Emil"]
[Result "0-1"]
[WhiteElo "1641"]
[BlackElo "2032"]
[PlyCount "90"]
[EventDate "2023.??.??"]
[WhiteTeam "SV Würzburg von 1865 e.V."]
[BlackTeam "SF Neuberg"]

1. d4 d5 2. Nf3 Nf6 3. c4 e6 4. Nc3 dxc4 5. e3 a6 6. Bxc4 b5 7. Bd3 Bb7 8. a3 c5 9. dxc5 Bxc5 10. O-O O-O 11. b4 Be7 12. Bb2 Nbd7 13. Be2 Qb6 14. Nd4 Rfd8 15. Bf3 Ne5 16. Bxb7 Qxb7 17. Rb1 Rac8 18. Qe2 Nc4 19. Rfc1 Nd7 20. Nd1 Ndb6 21. Qg4 Nxb2 22. Nxb2 Bf6 23. Rxc8 Qxc8 24. Rd1 Qc3 25. Qe2 Bxd4 26. Rxd4 Rxd4 27. exd4 Qxd4 28. Qd3 Qxd3 29. Nxd3 Nd7 30. f4 Kf8 31. Kf2 Ke7 32. Ke3 Kd6 33. Kd4 f6 34. g4 e5+ 35. fxe5+ Nxe5 36. Nxe5 fxe5+ 37. Ke4 Ke6 38. h4 g6 39. g5 Kd6 40. Ke3 Kd5 41. Kd3 e4+ 42. Ke2 Kd4 43. Kd2 e3+ 44. Ke1 Kd3 45. Kd1 e2+ 0-1

[Event "32.Schlosspark-Open"]
[Site "Wiesbaden-Biebrich"]
[Date "2023.08.24"]
[Round "1.43"]
[White "Meuer, David"]
[Black "John, Volkmar"]
[Result "1-0"]
[WhiteElo "1936"]
[BlackElo "1641"]
[PlyCount "55"]
[EventDate "2023.??.??"]
[WhiteTeam "SV Turm Lahnstein"]
[BlackTeam "SK Herborn 1946"]

1. e4 c5 2. c3 d5 3. exd5 Qxd5 4. d4 Nf6 5. Nf3 Bg4 6. Be2 e6 7. Be3 Nc6 8. O-O cxd4 9. cxd4 Be7 10. Nc3 Qd6 11. h3 Bxf3 12. Bxf3 O-O 13. d5 exd5 14. Nxd5 Nxd5 15. Bxd5 Rad8 16. Bf3 Qf6 17. Qa4 Bd6 18. b3 Bb8 19. Rac1 Qe5 20. g3 Nd4 21. Bxd4 Rxd4 22. Qa3 b6 23. Rfe1 Qf5 24. Kg2 Rfd8 25. Re2 h5 26. Rce1 g6 27. Re8+ Kg7 28. Qf8+ 1-0

[Event "32.Schlosspark-Open"]
[Site "Wiesbaden-Biebrich"]
[Date "2023.08.24"]
[Round "1.44"]
[White "Hübner, Kai"]
[Black "Marzahn, Heiko"]
[Result "0-1"]
[WhiteElo "1591"]
[BlackElo "2031"]
[PlyCount "68"]
[EventDate "2023.??.??"]
[WhiteTeam "SC Flörsheim 1921"]
[BlackTeam "SF Eltville"]

1. d4 f5 2. Bf4 e6 3. Nc3 Bd6 4. Nh3 Nf6 5. Bxd6 cxd6 6. e3 d5 7. Be2 O-O 8. f3 b6 9. O-O Bb7 10. Nb5 a6 11. Nd6 Bc6 12. c4 Qc7 13. c5 bxc5 14. dxc5 Ne8 15. Nxe8 Rxe8 16. b4 d6 17. cxd6 Qxd6 18. Rb1 Nd7 19. Nf2 Reb8 20. Qc2 Bb5 21. Bxb5 axb5 22. Rfd1 Ne5 23. e4 Nc4 24. Rd3 Na3 25. Rxa3 Rxa3 26. exf5 exf5 27. Qxf5 Rba8 28. g3 Rf8 29. Qg4 Raxf3 30. Rb2 Qe5 31. Rc2 Qe1+ 32. Kg2 Rxf2+ 33. Rxf2 Rxf2+ 34. Kh3 Qf1+ 0-1

[Event "32.Schlosspark-Open"]
[Site "Wiesbaden-Biebrich"]
[Date "2023.08.24"]
[Round "1.45"]
[White "Li, Maxim"]
[Black "Boscher, Hans"]
[Result "1-0"]
[WhiteElo "2030"]
[BlackElo "1634"]
[PlyCount "97"]
[EventDate "2023.??.??"]
[WhiteTeam "Wiesbadener SV 1885"]
[BlackTeam "SC Bad Soden"]

1. e4 e6 2. d4 d5 3. e5 c5 4. c3 Nc6 5. Nf3 Bd7 6. dxc5 Bxc5 7. b4 Bb6 8. Bd3 Nge7 9. b5 Na5 10. Qe2 Rc8 11. h4 Qc7 12. O-O Nc4 13. a4 Ng6 14. Re1 h5 15. Bxg6 fxg6 16. Qd3 O-O 17. Qxg6 Nxe5 18. Rxe5 Rxf3 19. Rg5 Bxf2+ 20. Kh1 Rf7 21. Rxh5 Bd4 22. Qh7+ Kf8 23. Ba3+ Bc5 24. Qd3 Bxa3 25. Rxa3 Ke7 26. Nd2 Qf4 27. Ra1 Qg4 28. Rh7 Rf2 29. Rg1 Rcf8 30. Nf1 Be8 31. Nh2 Qxa4 32. Rxg7+ R2f7 33. Rg4 Qxb5 34. Qg3 Bc6 35. Nf3 Qd3 36. Qc7+ Ke8 37. Qd6 Qf5 38. Rg5 Rd7 39. Qb8+ Rd8 40. Qxa7 Qf6 41. Re1 Qxc3 42. Rxe6+ Kd7 43. Re3 Qc1+ 44. Re1 Qc3 45. Re3 Qc1+ 46. Kh2 Qb2 47. Ne5+ Kd6 48. Rg6+ Kc7 49. Rxc6# 1-0

[Event "32.Schlosspark-Open"]
[Site "Wiesbaden-Biebrich"]
[Date "2023.08.24"]
[Round "1.46"]
[White "Sefeloge, Michael"]
[Black "Simon, Eric"]
[Result "0-1"]
[WhiteElo "1625"]
[BlackElo "2029"]
[PlyCount "74"]
[EventDate "2023.??.??"]
[WhiteTeam "SV Turm Lahnstein"]
[BlackTeam "SF Eltville"]

1. d4 Nf6 2. c4 g6 3. Nc3 Bg7 4. Nf3 d6 5. e3 O-O 6. Be2 Nbd7 7. b3 e5 8. dxe5 dxe5 9. Bb2 Re8 10. Qc2 c6 11. Rd1 Qc7 12. O-O Nc5 13. b4 Bf5 14. Qc1 Nce4 15. Nxe4 Bxe4 16. Rd2 Bxf3 17. Bxf3 e4 18. Be2 Rad8 19. Rfd1 Rxd2 20. Rxd2 Rd8 21. Qd1 Rxd2 22. Qxd2 Qd7 23. Qxd7 Nxd7 24. Bxg7 Kxg7 25. f3 Kf6 26. Kf2 exf3 27. gxf3 b6 28. f4 Ke7 29. e4 c5 30. b5 h5 31. Kg3 Nf8 32. f5 Kf6 33. h3 Ke5 34. Bf3 Nd7 35. fxg6 fxg6 36. Kh4 Kf4 37. Bxh5 g5# 0-1

[Event "32.Schlosspark-Open"]
[Site "Wiesbaden-Biebrich"]
[Date "2023.08.24"]
[Round "1.47"]
[White "Schneider, Jörg"]
[Black "Rotärmel, Leonie"]
[Result "1-0"]
[WhiteElo "2025"]
[BlackElo "1489"]
[PlyCount "135"]
[EventDate "2023.??.??"]
[WhiteTeam "Sfr.Mainz 1928"]
[BlackTeam "SK Bad Homburg 1927"]

1. c4 Nf6 2. g3 d5 3. cxd5 Nxd5 4. Bg2 e6 5. Nf3 Be7 6. O-O O-O 7. d4 c5 8. e4 Nf6 9. Nc3 Nc6 10. dxc5 Bxc5 11. Qb3 Qb6 12. Qxb6 Bxb6 13. Bf4 a6 14. Rad1 Nd7 15. Na4 Ba7 16. Bd6 Re8 17. b4 b5 18. Nc5 Nb6 19. Nd4 Nxd4 20. Rxd4 Nc4 21. e5 Bxc5 22. Bxc5 Rb8 23. Ba7 Rb7 24. Bxb7 Bxb7 25. f4 Bd5 26. Kf2 Ra8 27. Bc5 g6 28. Rfd1 a5 29. bxa5 Rxa5 30. a3 Nxa3 31. Ra1 Nc4 32. Rxa5 Nxa5 33. Rb4 Bc4 34. Bd6 Nb3 35. Ke3 Kg7 36. g4 h6 37. Be7 Kh7 38. Bf6 h5 39. h3 hxg4 40. hxg4 Kg8 41. Kf2 Kf8 42. Kg3 Kg8 43. Kh4 Kh7 44. Bd8 Kh6 45. Be7 Kg7 46. Bd6 Kg8 47. Bb8 Kf8 48. Ba7 Kg8 49. Be3 Kf8 50. Bf2 Kg7 51. Be1 Nd4 52. Bc3 Ne2 53. Bd2 Nd4 54. Rb2 Nf3+ 55. Kg3 Nxd2 56. Rxd2 Bd5 57. Rb2 Bc4 58. Kf3 Kf8 59. Ke3 Ke7 60. Kd4 Kf8 61. Kc5 Kg7 62. g5 Bd3 63. Rd2 Bf1 64. Rd8 Bc4 65. Rb8 Bf1 66. Kd6 Bh3 67. Rxb5 Bf5 68. Rb8 1-0

[Event "32.Schlosspark-Open"]
[Site "Wiesbaden-Biebrich"]
[Date "2023.08.24"]
[Round "1.48"]
[White "Jansen, Malte"]
[Black "Pioch, Thomas"]
[Result "1/2-1/2"]
[WhiteElo "1534"]
[BlackElo "2022"]
[PlyCount "123"]
[EventDate "2023.??.??"]
[WhiteTeam "SJ Herborn 1998"]
[BlackTeam "Wiesbaden"]

1. e4 e6 2. d4 d5 3. exd5 exd5 4. Bd3 Nf6 5. h3 c5 6. c3 Nc6 7. Nf3 cxd4 8. cxd4 Bb4+ 9. Bd2 Qe7+ 10. Qe2 Qxe2+ 11. Bxe2 Ne4 12. Nc3 Nxd2 13. Kxd2 Be6 14. Rhd1 Rc8 15. Bd3 h6 16. Rac1 O-O 17. Ke2 Bd6 18. Kf1 Bf4 19. Ra1 Nb4 20. Bb1 Rfd8 21. a3 Nc6 22. Ne2 Bb8 23. Bd3 Na5 24. Rac1 Nb3 25. Rc3 Rxc3 26. Nxc3 Rc8 27. Bc2 Na5 28. Nd2 Bf4 29. Bb1 Bxd2 30. Rxd2 Nc4 31. Re2 Nxa3 32. bxa3 Rxc3 33. Rb2 b6 34. a4 Ra3 35. Bc2 Kf8 36. Ke2 Ra1 37. Bb3 Ke7 38. Kd3 Kd6 39. Kc3 Bd7 40. Kb4 a5+ 41. Kc3 Bc6 42. h4 Rc1+ 43. Kd2 Rf1 44. Kc3 Re1 45. Kd3 Re7 46. g3 b5 47. axb5 Bxb5+ 48. Kc3 Rc7+ 49. Kd2 Bc6 50. Bc2 Rb7 51. Rxb7 Bxb7 52. Kc3 Bc6 53. f4 Bb5 54. Bf5 f6 55. Kb3 g5 56. Bg4 gxf4 57. gxf4 Kc7 58. Be6 Bc6 59. Bg4 Kb6 60. Ka3 Bb5 61. Be6 Bc6 62. Bg4 1/2-1/2

[Event "32.Schlosspark-Open"]
[Site "Wiesbaden-Biebrich"]
[Date "2023.08.24"]
[Round "1.49"]
[White "Althoff, Guntram"]
[Black "Reiß, Peter"]
[Result "1-0"]
[WhiteElo "2019"]
[BlackElo "1594"]
[PlyCount "77"]
[EventDate "2023.??.??"]
[WhiteTeam "SF Eltville"]
[BlackTeam "SV Multatuli Ingelheim e.V."]

1. b4 e5 2. Bb2 Bxb4 3. Bxe5 Nf6 4. e3 Nc6 5. Bb2 d5 6. Nf3 O-O 7. c4 dxc4 8. Bxc4 Bf5 9. O-O Nd5 10. a3 Be7 11. Bb5 Nb8 12. d4 c6 13. Bc4 Nb6 14. Bb3 N8d7 15. Nbd2 Nf6 16. Re1 Ne4 17. Rc1 Rc8 18. Ne5 Nxd2 19. Qxd2 Bf6 20. Qa5 Bxe5 21. Qxe5 Bg6 22. Qg3 Kh8 23. f4 Be4 24. d5 f6 25. dxc6 Rxc6 26. Rcd1 Rd6 27. Bd4 Nd7 28. f5 Ra6 29. Bc5 Re8 30. Be6 Bc6 31. Rd2 Qa5 32. Bb4 Qb5 33. Rd4 Ne5 34. Rh4 h6 35. Bd6 Bxg2 36. Bxe5 Bd5 37. Rxh6+ gxh6 38. Bxf6+ Kh7 39. Qg7# 1-0

[Event "32.Schlosspark-Open"]
[Site "Wiesbaden-Biebrich"]
[Date "2023.08.24"]
[Round "1.50"]
[White "Bartsch, Marius"]
[Black "Fucik, Timo"]
[Result "0-1"]
[WhiteElo "1591"]
[BlackElo "2009"]
[PlyCount "32"]
[EventDate "2023.??.??"]
[WhiteTeam "Wiesbadener SV 1885"]
[BlackTeam "SK 1926 Ettlingen"]

1. e4 c5 2. Nc3 Nc6 3. Bb5 Nd4 4. Bc4 g6 5. Nge2 Bg7 6. Nxd4 cxd4 7. Qf3 Nf6 8. Nb5 d6 9. Nxd4 O-O 10. c3 Qc7 11. d3 a6 12. Bb3 Bg4 13. Qe3 Rad8 14. h3 Bc8 15. O-O e5 16. Nc2 d5 $138 0-1

[Event "32.Schlosspark-Open"]
[Site "Wiesbaden-Biebrich"]
[Date "2023.08.24"]
[Round "1.52"]
[White "Sreeramulu, Aarush"]
[Black "Neurohr, Jürgen"]
[Result "1/2-1/2"]
[WhiteElo "1561"]
[BlackElo "2001"]
[PlyCount "77"]
[EventDate "2023.??.??"]
[WhiteTeam "SK Marburg 1931/72"]
[BlackTeam "Sfr.Mainz 1928"]

1. d4 Nf6 2. c4 g6 3. Nc3 d5 4. Nf3 Bg7 5. Bg5 Ne4 6. Bf4 Nxc3 7. bxc3 c5 8. e3 cxd4 9. cxd4 Nc6 10. Be2 O-O 11. O-O Bf5 12. Bd3 Bg4 13. Rb1 e5 14. dxe5 Nxe5 15. Bxe5 Bxe5 16. Rxb7 Bxf3 17. Qxf3 dxc4 18. Bxc4 Bxh2+ 19. Kh1 Bc7 20. g3 a5 21. Rd1 Qc8 22. Rc1 Rb8 23. Bxf7+ Rxf7 24. Qxf7+ Kxf7 25. Rbxc7+ Qxc7 26. Rxc7+ Kf6 27. Rc6+ Kg7 28. Ra6 Rb2 29. Rxa5 Rxf2 30. Ra7+ Kf6 31. a4 h5 32. a5 Re2 33. Ra8 Rxe3 34. a6 Kg7 35. a7 Ra3 36. Kg2 g5 37. Kf2 Kh7 38. Ke2 Kg7 39. Kf2 1/2-1/2

[Event "32.Schlosspark-Open"]
[Site "Wiesbaden-Biebrich"]
[Date "2023.08.24"]
[Round "1.53"]
[White "Leck, Gerrit"]
[Black "Strache, Rolf"]
[Result "1-0"]
[WhiteElo "1981"]
[BlackElo "1575"]
[PlyCount "85"]
[EventDate "2023.??.??"]
[WhiteTeam "SV Lahn Limburg"]
[BlackTeam "SK Herborn 1946"]

1. e4 c5 2. Nf3 d6 3. d3 Nf6 4. g3 g6 5. Bg2 Bg7 6. O-O O-O 7. c3 Nc6 8. Re1 a6 9. h3 h6 10. a3 a5 11. a4 Rb8 12. Na3 Na7 13. Nd2 b5 14. axb5 Nxb5 15. Nac4 Bd7 16. Rxa5 Nh7 17. Ra1 Qc8 18. Kh2 h5 19. Nf3 Nxc3 20. bxc3 Bxc3 21. Bh6 Re8 22. Nh4 Bxe1 23. Qxe1 Qc7 24. Qc3 e5 25. f4 Bb5 26. fxe5 dxe5 27. Ne3 Qd6 28. Nd5 Bd7 29. Be3 Rbc8 30. Rc1 c4 31. dxc4 Qa6 32. Nf3 Qe6 33. Nb6 Rc7 34. Nxd7 Rxd7 35. c5 Rc7 36. Bf1 Rb8 37. Bc4 Qe7 38. Nxe5 Qd8 39. Nxg6 Nf6 40. Rf1 Rc6 41. Bd5 Ra6 42. c6 Rc8 43. Rxf6 1-0